[Event "Ufa Startsev Memorial Blitz"]
[Site "Ufa"]
[Date "2024.02.03"]
[Round "1"]
[White "Akhmetov, Ruslan"]
[Black "Zvjaginsev, Vadim"]
[Result "0-1"]
[WhiteElo "1637"]
[BlackElo "2572"]
[PlyCount "102"]
[EventDate "2024.02.03"]
[EventType "swiss (blitz)"]
[EventRounds "13"]
[EventCountry "RUS"]
[SourceTitle "CBM 218 Extra"]
[Source "ChessBase"]
[SourceDate "2024.03.31"]
[SourceVersion "1"]
[SourceVersionDate "2024.03.31"]
[SourceQuality "1"]

1. d4 d6 2. e4 g6 3. Nc3 Bg7 4. Nf3 a6 5. Bd3 Bg4 6. Be3 Nc6 7. Be2 e5 8. d5 Bxf3 9. Bxf3 Nd4 10. 0-0 Nxf3+ 11. Qxf3 Nf6 12. Qg3 0-0 13. Rae1 Qe8 14. Qh4 Nh5 15. g3 f5 16. f4 exf4 17. Bxf4 Qd7 18. e5 Nxf4 19. gxf4 Rae8 20. e6 Qe7 21. Qxe7 Rxe7 22. Ne2 c6 23. c4 Rc8 24. b3 cxd5 25. cxd5 Rc2 26. Kf2 Rxa2 27. Rc1 Bf6 28. Rc8+ Kg7 29. Rfc1 Rd2 30. R1c7 Rxd5 31. Rxe7+ Bxe7 32. Rc7 Kf6 33. Rxb7 Kxe6 34. Nc3 Rc5 35. Ne2 Kf6 36. Ke3 h5 37. Rb6 a5 38. Nd4 Rc3+ 39. Kd2 Rh3 40. Nb5 Rxh2+ 41. Kc3 Rf2 42. Nxd6 Bxd6 43. Rxd6+ Kg7 44. Rd4 h4 45. Kd3 h3 46. Ke3 Rb2 47. Rd1 Rxb3+ 48. Kd4 h2 49. Rh1 Rh3 50. Kc4 a4 51. Kb4 a3 0-1

[Event "Nezhmetdinov Memorial 39th"]
[Site "Kazan"]
[Date "2017.06.08"]
[Round "9"]
[White "Akhmetov, Ruslan"]
[Black "Filippova, Margarita"]
[Result "0-1"]
[WhiteElo "1918"]
[BlackElo "1767"]
[PlyCount "98"]
[EventDate "2017.05.31"]
[EventType "swiss"]
[EventRounds "9"]
[EventCountry "RUS"]
[SourceTitle "EXT 2018"]
[Source "ChessBase"]
[SourceDate "2017.10.13"]
[SourceVersion "1"]
[SourceVersionDate "2017.10.13"]
[SourceQuality "1"]

1. d4 e6 2. Nc3 d5 3. e4 Nf6 4. Bg5 dxe4 5. Nxe4 Be7 6. Bxf6 gxf6 7. Nf3 f5 8. Nc3 Nd7 9. g3 b6 10. Bg2 Bb7 11. 0-0 0-0 12. Re1 Nf6 13. Ne5 Bxg2 14. Kxg2 Qd6 15. Qf3 a6 16. Nc6 Rfe8 17. Rad1 Qd7 18. d5 Bd6 19. dxe6 fxe6 20. Rd2 b5 21. b4 Kh8 22. Ne5 Qg7 23. Nc6 Ng4 24. Rde2 Qf7 25. h3 Nh6 26. a3 Qg6 27. Ne7 Bxe7 28. Rxe6 Bf6 29. Qc6 Rf8 30. Nd5 Ng8 31. Rxf6 Nxf6 32. Re6 Rae8 33. Rxf6 Rxf6 34. Qxf6+ Qxf6 35. Nxf6 Re2 36. c3 c6 37. Nd7 Rc2 38. Nb8 Rxc3 39. Nxa6 Rxa3 40. Nb8 Rc3 41. g4 Kg7 42. Nd7 fxg4 43. hxg4 Rc4 44. Ne5 Rxb4 45. Nxc6 Rxg4+ 46. Kf3 Ra4 47. Ke3 Kf6 48. f4 h5 49. Kf3 b4 0-1

[Event "Nezhmetdinov Memorial 39th"]
[Site "Kazan"]
[Date "2017.06.02"]
[Round "3"]
[White "Kurninov, Andrei"]
[Black "Akhmetov, Ruslan"]
[Result "1-0"]
[WhiteElo "1795"]
[BlackElo "1918"]
[PlyCount "111"]
[EventDate "2017.05.31"]
[EventType "swiss"]
[EventRounds "9"]
[EventCountry "RUS"]
[SourceTitle "EXT 2018"]
[Source "ChessBase"]
[SourceDate "2017.10.13"]
[SourceVersion "1"]
[SourceVersionDate "2017.10.13"]
[SourceQuality "1"]

1. e4 c5 2. Nc3 Nc6 3. Nf3 d6 4. d4 cxd4 5. Nxd4 Nf6 6. Nde2 g6 7. g3 Bg7 8. Bg2 0-0 9. 0-0 a6 10. b3 Qc7 11. Bb2 b5 12. Rc1 Bb7 13. Nd5 Nxd5 14. Bxg7 Ne3 15. fxe3 Kxg7 16. Nf4 e6 17. c4 b4 18. Qg4 Kh8 19. Qg5 Ne5 20. h4 f6 21. Qh6 Qd7 22. h5 g5 23. Ng6+ Nxg6 24. hxg6 Qg7 25. Qxg7+ Kxg7 26. gxh7 Kxh7 27. c5 dxc5 28. Rxc5 Rac8 29. Rxc8 Bxc8 30. Rc1 Rd8 31. Rc4 Rd1+ 32. Kh2 Bd7 33. Rxb4 e5 34. Rb6 Bb5 35. a4 Bd3 36. Rxf6 Rd2 37. Kg1 Rd1+ 38. Bf1 Kg7 39. Rf2 Bxe4 40. b4 Bc6 41. Ra2 Bd5 42. Rc2 Be4 43. Rc7+ Kf6 44. Kf2 g4 45. Be2 Rd2 46. Ke1 Ra2 47. b5 axb5 48. axb5 Ra1+ 49. Kd2 Ra2+ 50. Kd1 Bf3 51. Bxf3 gxf3 52. Ke1 Rb2 53. Rc4 Re2+ 54. Kf1 Rxe3 55. Rb4 Rc3 56. b6 1-0